Men's Doubles Players Picture Quiz | TENNIS - Statistics

General Stats
  • This quiz has been taken 12 times
  • The average score is 49 of 68
Answer Stats
Picture Answer % Correct
Austin Krajicek
100%
Bob Bryan
100%
Harri Heliövaara
100%
Henry Patten
100%
Ivan Dodig
100%
Jamie Murray
100%
Kevin Krawietz
100%
Mate Pavić
100%
Mike Bryan
100%
Nicolas Mahut
100%
Nikola Mektić
100%
Rajeev Ram
100%
Rohan Bopanna
100%
Andrea Vavassori
83%
Andrés Molteni
83%
Daniel Nestor
83%
Édouard Roger-Vasselin
83%
Horacio Zeballos
83%
Joe Salisbury
83%
John Peers
83%
Jordan Thompson
83%
Juan Sebástian Cabal
83%
Julian Cash
83%
Leander Paes
83%
Lloyd Glasspool
83%
Marcel Granollers
83%
Marcelo Arévalo
83%
Marcelo Melo
83%
Matthew Ebden
83%
Máximo González
83%
Max Purcell
83%
Neal Skupski
83%
Pierre-Hugues Herbert
83%
Simone Bolelli
83%
Tim Pütz
83%
Todd Woodbridge
83%
Henri Kontinen
67%
Jean-Julien Rojer
67%
Joran Vliegen
67%
Jürgen Melzer
67%
Mahesh Bhupathi
67%
Mark Knowles
67%
Mark Woodforde
67%
Max Mirnyi
67%
Michaël Llodra
67%
Nenad Zimonjić
67%
Robert Farah
67%
Sander Gillé
67%
Wesley Koolhof
67%
Adam Pavlásek
50%
Andreas Mies
50%
Bruno Soares
50%
Francisco Cabral
50%
Jan Zieliński
50%
Jonas Björkman
50%
Lucas Miedler
50%
Michael Venus
50%
Yuki Bhambri
50%
Filip Polášek
33%
Horia Tecău
33%
Hugo Nys
33%
Łukasz Kubot
33%
Luke Johnson
33%
Raven Klaasen
33%
Robert Lindstedt
33%
Sander Arends
33%
Sem Verbeek
33%
Oliver Marach
17%
No matching quizzes found
Score Distribution
Percent of People with Each Score
Percentile by Number Answered
Your Score History
You have not taken this quiz